00503nam a22001697a 450000500170000001000130001702000260003003500130005603700090006908200060007810000200008424500770010426000320018127000680021330000320028170000200031320240628145134.0 aB-760000 a9780143333982c199.00 aB-760000 bGift aS aAlter, Stephen  aThe secret sanctuary / cby Stephen Alter; illustrated by Prabha Mallya  aGurgaon bPuffin Bookc2015 a7th Floor, Infinity Tower C, DLF Cyber City, bGurgaon e122002 avarious pagings c19cm(pbk) aMallya, Prabha